Vzorová účtovná závierka zostavená podľa slovenských právnych predpisov k 31. decembru 2006 (v slovenskom, anglickom a nemeckom jazyku)

Saved in:
Bibliographic Details
Corporate Author: KPMG Slovensko
Format: Book
Language:Slovak
English
German
Published: Bratislava IURA EDITION 2006
Series:Ekonómia
Subjects:
Tags: Add Tag
No Tags, Be the first to tag this record!

MARC

LEADER 00000nam$a2200000$$$4500
001 0054330
005 20240429123916.5
020 |a 80-8078-126-5 
041 0 |a slo 
041 0 |a eng 
041 0 |a ger 
044 |a SK 
245 1 0 |a Vzorová účtovná závierka zostavená podľa slovenských právnych predpisov k 31. decembru 2006  |b (v slovenskom, anglickom a nemeckom jazyku) 
264 1 |a Bratislava  |b IURA EDITION  |c 2006 
300 |a 33, 34, 36 s. 
490 1 |a Ekonómia 
830 0 |a Ekonómia 
610 2 0 |a závierka účtovná 
610 2 0 |a súvaha 
610 2 0 |a výkaz ziskov a strát 
610 2 0 |a účtovníctvo 
610 2 0 |a predpisy právne 
610 2 0 |a Slovensko 
610 2 0 |a 2006 
110 2 |a KPMG Slovensko